Cobra Kai characters by picture - Statistics

General Stats
  • This quiz has been taken 496 times
  • The average score is 11 of 12
Answer Stats
Picture Answer % Correct
Robbie
96%
Tory
96%
Daniel
95%
Miguel
95%
Hawk
94%
Johnny
93%
Samantha
93%
Kreese
92%
Amanda
88%
Aisha
84%
Carmen
84%
Demetri
84%
No matching quizzes found
Score Distribution
Percent of People with Each Score
Percentile by Number Answered
Your Score History
You have not taken this quiz